Los seris Sonora, México (Record no. 10691)
[ view plain ]
| 000 -CABECERA | |
|---|---|
| campo de control de longitud fija | 00975nam a2200289 a 4500 |
| 001 - NÚMERO DE CONTROL | |
| campo de control | BRL_1883 |
| 005 - FECHA Y HORA DE LA ÚLTIMA TRANSACCIÓN | |
| campo de control | 20190320211421.0 |
| 008 - DATOS DE LONGITUD FIJA--INFORMACIÓN GENERAL | |
| campo de control de longitud fija | 120815s1980----mx-abo####---#000-0#spa-# |
| 020 ## - NÚMERO INTERNACIONAL ESTÁNDAR DEL LIBRO | |
| Número Internacional Estándar del Libro | 9688220051 |
| 041 ## - CÓDIGO DE LENGUA | |
| Código de lengua del texto/banda sonora o título independiente | spa |
| 044 ## - CÓDIGO DEL PAÍS DE LA ENTIDAD EDITORA/PRODUCTORA | |
| Código MARC del país | mx |
| 050 #4 - SIGNATURA TOPOGRÁFICA DE LA BIBLIOTECA DEL CONGRESO | |
| Número de clasificación | F1221.S43 |
| Número de documento/Ítem | .M34 1980 |
| 100 1# - ENTRADA PRINCIPAL--NOMBRE DE PERSONA | |
| Nombre de persona | Mcgee, William J. |
| 9 (RLIN) | 28134 |
| 245 10 - MENCIÓN DE TÍTULO | |
| Título | Los seris Sonora, México |
| Mención de responsabilidad, etc. | William J. McGee ; traducción Celia Paschero. |
| 260 ## - PUBLICACIÓN, DISTRIBUCIÓN, ETC. | |
| Lugar de publicación, distribución, etc. | México |
| Nombre del editor, distribuidor, etc. | Instituto Nacional Indigenista |
| Fecha de publicación, distribución, etc. | 1980 |
| 300 ## - DESCRIPCIÓN FÍSICA | |
| Extensión | xxvi, 597 p. |
| Otras características físicas | il. |
| Dimensiones | 21 cm. |
| 440 #0 - MENCIÓN DE SERIE/PUNTO DE ACCESO ADICIONAL--TÍTULO | |
| Título | Colección INI |
| Nombre de parte o sección de la obra | Clásicos de la Antropología |
| Designación de volumen o secuencia | no.7 |
| 9 (RLIN) | 28135 |
| 500 ## - NOTA GENERAL | |
| Nota general | Au2065 |
| 500 ## - NOTA GENERAL | |
| Nota general | Traducción de: The Seri indians of Bahia Kino and Sonora, Mexico. |
| 504 ## - NOTA DE BIBLIOGRAFÍA, ETC. | |
| Nota de bibliografía, etc. | Bibliografía: p. 581-594 |
| 650 14 - PUNTO DE ACCESO ADICIONAL DE MATERIA--TÉRMINO DE MATERIA | |
| Término de materia o nombre geográfico como elemento de entrada | Seris |
| Subdivisión general | Vida social y costumbres |
| 9 (RLIN) | 28136 |
| 650 14 - PUNTO DE ACCESO ADICIONAL DE MATERIA--TÉRMINO DE MATERIA | |
| Término de materia o nombre geográfico como elemento de entrada | Seris |
| Subdivisión general | Condiciones sociales |
| 9 (RLIN) | 28137 |
| 650 14 - PUNTO DE ACCESO ADICIONAL DE MATERIA--TÉRMINO DE MATERIA | |
| Término de materia o nombre geográfico como elemento de entrada | Indígenas de México |
| Subdivisión geográfica | Sonora (México) |
| 9 (RLIN) | 27355 |
| 700 1# - PUNTO DE ACCESO ADICIONAL--NOMBRE DE PERSONA | |
| Nombre de persona | Paschero, Celia |
| Término indicativo de función/relación | tr. |
| 9 (RLIN) | 28138 |
| 902 ## - CATALOGADOR | |
| Iniciales | GRL |
| 942 ## - ELEMENTOS DE PUNTO DE ACCESO ADICIONAL (KOHA) | |
| Fuente del sistema de clasificación o colocación | Library of Congress Classification |
| Tipo de ítem Koha | Libros |
| Estado de retiro | Estado de pérdida | Estado dañado | No para préstamo | Localización permanente | Ubicación/localización actual | Fecha de adquisición | Número de inventario | Total de préstamos | Signatura topográfica completa | Código de barras | Fecha visto por última vez | Precio válido a partir de | Tipo de ítem Koha |
|---|---|---|---|---|---|---|---|---|---|---|---|---|---|
| El ejemplar forma parte de la colección y puede ser consultado según las políticas vigentes. | Biblioteca Centro de Estudios Ruth D. Lechuga | Biblioteca Centro de Estudios Ruth D. Lechuga | 12/08/2015 | Au2065 | F1221.S43 .M34 1980 (Au2065) | GRL02076 | 22/03/2019 | 22/03/2019 | Libros |